| 000 | 00000nam 2200000zi 4500 |
| 001 | 9.936888 |
| 003 | CaOODSP |
| 005 | 20240416141623 |
| 006 | m o d f |
| 007 | cr cn||||||||| |
| 008 | 240416s2018 qucd o f000 0 fre d |
| 040 | |aCaOODSP|bfre|erda|cCaOODSP |
| 043 | |an-cn--- |
| 086 | 1 |aSC3-195/2018F-PDF |
| 086 | 1 |aSC3-195/2018-1F-PDF |
| 245 | 00|aCommission de la fonction publique du Canada rapport d'évaluation sur les renseignements intégrés. |
| 246 | 13|aSommaire du rapport de la fonction des renseignements intégrés de la Commission de la fonction publique |
| 246 | 10|aRapport d'évaluation sur les renseignements intégrés |
| 264 | 1|a[Gatineau, Québec] : |bCommission de la fonction publique du Canada = Public Service Commission of Canada, |c[2018] |
| 300 | |a1 ressource en ligne (21 pages) : |bgraphiques + |e1 sommaire (1 page non numérotée) |
| 336 | |atexte|btxt|2rdacontent/fre |
| 337 | |ainformatique|bc|2rdamedia/fre |
| 338 | |aressource en ligne|bcr|2rdacarrier/fre |
| 500 | |aTitre de la couverture. |
| 500 | |aPublié aussi en anglais sous le titre : Public Service Commission of Canada integrated intelligence evaluation report. |
| 520 | |a« L'objectif de la présente évaluation formative des renseignements intégrés vise à établir dans quelle mesure les travaux actuels et proposés ont permis de répondre aux besoins de l'organisme et de ses intervenants externes » -- Objectif, page 4. |
| 610 | 26|aCommission de la Fonction publique du Canada|xÉvaluation. |
| 650 | 6|aEspionnage industriel|zCanada|xÉvaluation. |
| 710 | 2 |aCommission de la Fonction publique du Canada, |eorganisme de publication. |
| 775 | 08|tPublic Service Commission of Canada integrated intelligence evaluation report.|w(CaOODSP)9.933037 |
| 856 | 40|qPDF|s379 Ko|uhttps://publications.gc.ca/collections/collection_2024/cfp-psc/SC3-195-2018-fra.pdf|zRapport |
| 856 | 40|qPDF|s61 Ko|uhttps://publications.gc.ca/collections/collection_2024/cfp-psc/SC3-195-2018-1-fra.pdf|zSommaire |
| 856 | 4 |qHTML|sS.O.|uhttps://www.canada.ca/fr/commission-fonction-publique/services/publications/rapport-evaluation-renseignements-integres.html|zRapport |